000 01799nam a2200325 i 4500
001 000045769
003 DO-SdBNP
005 20250808100433.0
007 ta
008 150511s2015 dr ac 000 0 spa d
020 _a9789993467908
040 _aDO-SdBNP
_bspa
_cBNPHU
_erda
041 _aspa
082 4 _a792.8097293
_bB191n
_222
245 0 3 _aEl Ballet Nacional Dominicano :
_borigen y trayectoria /
_ceditora, Monika Despradel ; introducción, Patricia Ascuasiati ; presentación, Johanna Wiese de Mera ; miebros, Irmgard Despradel, y Eduardo Villanueva.
264 4 _aSanto Domingo, República Dominicana :
_bPatronato Dominicano por la Danza,
_bEditora Amigo del Hogar, Santo,
_c2015.
300 _a247 páginas :
_bilustraciones, fotografías ;
_c31 cm.
336 _atexto
_btxt
_2rdacontent
337 _asin mediación
_bn
_2rdamedia
338 _avolumen
_bnc
_0rdacarrier
505 0 _aLiminar, José Antonio Rodríguez, 13 -- Presentación, 15 -- Introducción, 21 -- Creación del Ballet Clásico Nacional, 25 -- Ballet Nacional Dominicano, 48-51 -- Bailarines destacados del Ballet Nacional Dominicano a través del tiempo, 54-99 -- Directores del Ballet Nacional Dominicano, 102-103 -- Coreógrafos del Ballet Nacional Dominicano, 159 -- Grandes producciones del Ballet Nacional Dominicano, 168-219 -- Apéndice. Cronologías: Repertorio 1981-2014, 223-227 -- Juicios críticos, 1981-2013.
590 _aInventariado, 2023 / DG
650 4 _aBallet
_943068
_zRepública Dominicana
650 4 _aDanza
_928339
_zRepública Dominicana
700 1 2 _aDespradel, Monika,
_eeditor
_4ed.
_973846
700 1 2 _aWiese de Mera, Johanna,
_epresentador
_4prest.
_973847
700 1 2 _aAscuasiati, Patricia,
_eautor de introducción
_973848
_4introd.
910 _aDG
942 _2ddc
_cLBS1
999 _c45258
_d45258